00261nam a22001097a 4500008004100000020001800041041000800059080001500067100000700082101000800089245005400097181019b xxu||||| |||| 00| 0 eng d a9780534251222 aeng 25 EDa311 a55 aSTA aStatistical Methods And Data AnalysiscOtt.R.L